000 00237 a2200097 4500
001 46290
100 _aMillar, T
245 _aThe Indian and pacific oceans
260 _aLondon
_bInstitute for Strategic Studies
_c
090 _c29403
_d29403
942 _aNUST-CAE
_c
_c21562
999 _c281363
_d281363